000 00477cam a2200145 4500500
005 20260329002150.0
041 _afre
042 _adc
100 1 0 _aSalin, Dominique
_eauthor
245 0 0 _aFront matter
260 _c2026.
500 _a27
786 0 _nRevue d’éthique et de théologie morale | 330 | 4 | 2026-03-02 | p. 4-5 | 1266-0078
856 4 1 _uhttps://shs.cairn.info/journal-revue-dethique-et-de-theologie-morale-2025-4-page-4?lang=en&redirect-ssocas=7080
999 _c1812366
_d1812366